000 00272nam a22001217a 4500
008 170405b xxu||||| |||| 00| 0 eng d
020 _a9780683302462
080 _22ND
_a616.15
100 _a9
101 _aSHM
245 _aHEMATOPATHOLOGY
_cKNOWLES, D.M
942 _2udc
_cBK
999 _c9879
_d9879